| 000 | 00805nam a2200193Ia 4500 | ||
|---|---|---|---|
| 005 | 20260429112248.0 | ||
| 008 | 260429s9999||||xx |||||||||||||| ||und|| | ||
| 020 | _a9788126718405 | ||
| 041 | _aHindi | ||
| 082 |
_a954.024 _bRIZ |
||
| 100 | _aरिज़वी, सैयद अहतर अब्बास | ||
| 245 | 0 |
_aउत्तर तैमूरकालीन भारत : _b तैमूर के बाद के देहली के सुल्तान / _cसैयद अहतर अब्बास रिज़वी |
|
| 250 | _a3rd ed. | ||
| 260 |
_aनई दिल्ली : _bराजकमल प्रकाशन, _c2020. |
||
| 300 | _a430 p.; Hb | ||
| 440 | _vभाग-1 | ||
| 650 | _aइतिहास तैमूरकालीन भारत | ||
| 942 | _cTB | ||
| 999 |
_c53187 _d53187 |
||